| 000 | 00744nam a2200193 i 4500 | ||
|---|---|---|---|
| 001 | 185935 | ||
| 003 | ES-MaACL | ||
| 005 | 20250824074521.0 | ||
| 008 | 160826s1935 sp |||| | spa d | ||
| 100 | 1 |
_aVega, Lope de, _d1562-1635 _9113563 |
|
| 245 | 1 | 0 |
_aBarlaan y Josafat / _cLope de Vega ; publicada por José F. Montesinos. |
| 260 |
_aMadrid : _bJunta para Ampliación de Estudios e Investigaciones Científicas, Centro de Estudios Históricos, _c1935. |
||
| 300 |
_a312 p. ; _c22 cm. |
||
| 490 | 1 |
_aTeatro antiguo español. Textos y estudios ; _v8 |
|
| 700 | 0 |
_aMontesinos, José F. _982596 |
|
| 830 | 0 | 0 |
_aTeatro antiguo español. _pTextos y estudios _v8 _9192449 |
| 852 |
_aES-MaACL _jB-13197(1) |
||
| 999 |
_c185935 _d185935 |
||